BIBLIOTECA

SENCICO

Planos acotados aplicados a geología : (Registro nro. 4143)

Detalles MARC
000 -LEADER
fixed length control field 02105nam a22003017a 4500
003 - CONTROL NUMBER IDENTIFIER
control field PE SENCICO BE
005 - DATE AND TIME OF LATEST TRANSACTION
control field 20251020182636.0
008 - FIXED-LENGTH DATA ELEMENTS--GENERAL INFORMATION
fixed length control field 230512b |||||||| |||| 00| 0 eng d
020 ## - INTERNATIONAL STANDARD BOOK NUMBER
International Standard Book Number 84-7585-408-7
040 ## - CATALOGING SOURCE
Original cataloging agency PE SENCICO BE
Transcribing agency PE SENCICO BE
041 ## - LANGUAGE CODE
Language code of text/sound track or separate title spa
082 ## - DEWEY DECIMAL CLASSIFICATION NUMBER
Classification number 516.154
Item number M26
100 1# - MAIN ENTRY--PERSONAL NAME
9 (RLIN) 444
Personal name Martinez Torres, L. M.
Relator term autor
245 1# - TITLE STATEMENT
Title Planos acotados aplicados a geología :
Remainder of title problemas resueltos /
Statement of responsibility, etc. L.M. Martínez-Torres, R. Ramón-Lluch, L. Eguiluz
250 ## - EDITION STATEMENT
Edition statement [1a ed.]
260 ## - PUBLICATION, DISTRIBUTION, ETC.
Place of publication, distribution, etc. Bilbao:
Name of publisher, distributor, etc. Servicio editorial de la Universidad del pais Vasco,
Date of publication, distribution, etc. 1993
300 ## - PHYSICAL DESCRIPTION
Extent 155 páginas :
Other physical details diagramas ;
Dimensions 30 cm.
504 ## - BIBLIOGRAPHY, ETC. NOTE
Bibliography, etc. note Bibliografía: p. 155.
505 0# - FORMATTED CONTENTS NOTE
Formatted contents note Orientación en el espacio de elementos geológicos -- Escala -- Sistema de proyección en planos acotados -- El abatimiento -- El problema de los tres puntos -- Buzamiento aparente -- Conocidos dos buzamientos aparentes determinar el plano -- Sondeos -- Trazar un plano de buzamiento dado por una recta dada -- Distancias y potencias -- Abatimiento de un plano cualquiera -- Rake -- Intersección de planos -- Angulo diedro -- Fallas
520 3# - SUMMARY, ETC.
Summary, etc. Dentro de las ciencias geológicas, las técnicas geométricas básicas son imprescindibles para resolver problemas cartográficos, de geología estructural, estratigráficos, prospección de hidrocarburos, obras públicas y minería. Entre estas técnicas destaca la proyección en planos acotados. Esta obra está pensada para alumnos de geología en facultades y escuelas técnicas que, a menudo, encuentran dificultad para asimilar estas técnicas. Explica los fundamentos de la proyección en planos acotados, con el fin de desarrollar una buena visión espacial, y aborda los problemas más comunes a través de dibujos seriados, que permiten seguir su desarrollo de un modo claro y ordenado.
650 14 - SUBJECT ADDED ENTRY--TOPICAL TERM
9 (RLIN) 1020
Topical term or geographic name entry element Geometría plana
650 24 - SUBJECT ADDED ENTRY--TOPICAL TERM
9 (RLIN) 874
Topical term or geographic name entry element Proyecciones e isometrías
650 24 - SUBJECT ADDED ENTRY--TOPICAL TERM
9 (RLIN) 32
Topical term or geographic name entry element Geología estructural
700 1# - ADDED ENTRY--PERSONAL NAME
9 (RLIN) 1021
Personal name Ramón-Lluch, R.
Relator term autor
700 1# - ADDED ENTRY--PERSONAL NAME
9 (RLIN) 1022
Personal name Eguiluz, L.
Relator term autor
910 ## - USER-OPTION DATA (OCLC)
-- hfp
-- hfp
942 ## - ADDED ENTRY ELEMENTS (KOHA)
Source of classification or shelving scheme Dewey Decimal Classification
Koha item type Libros
Existencias
Fecha de la última vez que lo usaron Número de ingreso o de inventario Pago total Signatura topográfica completa Código de barras Precio efectivo desde Tipo de documento Estado perdido Sistema de clasificación Estado dañado No es para préstamo Retirado Ubicación permanente Ubicación actual Fecha de adquisición
12/05/2023 16531   516.154/M26 BibLima25070034 12/05/2023 Libros   Dewey Decimal Classification       Biblioteca Central Lima Biblioteca Central Lima 12/05/2023